000 00984nam a2200217 i 4500
001 184570
003 ES-MaACL
005 20250815041605.0
008 151023m19651969sp |||| | spa d
245 0 0 _aColección diplomática de la catedral de Huesca /
_cedición de Antonio Durán Gudiol.
260 _aZaragoza :
_bEscuela de Estudios Medievales :
_bInstituto de Estudios Pirenaicos,
_c1965-1969.
300 _a2 v. (861 p.) ;
_c25 cm.
490 1 _aFuentes para la Historia del Pirineo ;
_v5-6
490 1 _aTextos / Escuela de Estudios Medievales ; XXXIV. Publicaciones de la Sección de Zaragoza ;
_v10-11
610 1 _aHuesca (Diócesis)-
_xHistoria-
_vFuentes.
_9157985
700 0 _aDuran Gudiol, Antonio.
_946220
830 0 0 _aFuentes para la historia del Pirineo
_v5-6
_9225094
830 0 _aTextos / Escuela de Estudios Medievales ; XXXIV. Publicaciones de la Sección de Zaragoza ;
_v10-11
_9225095
852 _aES-MaACL
_jC-37430-31
999 _c184570
_d184570